| 000 | 00837 a2200205 4500 | ||
|---|---|---|---|
| 003 | Nust | ||
| 005 | 20170207154118.0 | ||
| 010 | _a 86020060 | ||
| 020 | _a0070419205 : | ||
| 040 | _cNust | ||
| 082 | 0 | 0 | _a005.43 |
| 100 | 1 | _aMilenkovic, Milan. | |
| 245 | 1 | 0 |
_aOperating systems : _bconcepts and design / _cMilan Milenkovic. |
| 260 |
_aNew York : _bMcGraw-Hill, _cc1987. |
||
| 300 |
_axix, 568 p. : _bill. ; _c25 cm. |
||
| 440 | 0 | _aMcGraw-Hill computer science series | |
| 505 | _aIntroduction (Page-1), Input/Output (Page-22), Processes (Page-70), Interprocesses Synchronization (Page-124), Interprocesses Comm. And Synchronization (Page-175), Memory Management (Page-228), File Management (Page-312), KMOS (Page-364), Implementation Of KMOS (Page-397). | ||
| 538 | _aAlmirah No. 7 Shelf No. 4 | ||
| 650 | 0 | _aOperating systems (Computers) | |
| 942 |
_2ddc _cBK |
||
| 999 |
_c194211 _d194211 |
||